01053 2200265 4500001002100000005001500021035002000036007000300056008004100059020001800100082001200118084001800130100003400148245014400182250001400326300003800340520022800378600003100606264004400637336002100681337003000702338002300732990001600755990001600771INLIS00000000000001120260417034231 a0010-0426000010ta260417 g 0 ind  a9786020455600 a000.365 a000.365 JUB k0 aJubilee EnterpriseePengarang1 aKitab vlookup dan hlookup MS excel :bMembantu Anda memahami Vlookup dan Hlookup ketika bekerja dengan data dan table /cJubilee Enterprise aCetakan 1 a182 :bIlustrasi ;c14 cm x 21 cm aPanduan praktis yang mengupas tuntas teknik pencarian data vertikal (VLOOKUP) dan horizontal (HLOOKUP). Buku ini mencakup struktur fungsi, penggunaan, contoh kasus, hingga integrasi dengan VBA untuk pengolahan data efisien. 4aKomputer - Perangkat Lunak aJakarta :bElex Media Komputindo,c2018 2rdacontentaTeks 2rdamediaaTanpa perantara 2rdacarrieraVolume aPP000033/19 aPP000390/19